Exotova abeceda / Ladislav Heryán
Record details
- ISBN: 978-80-262-1755-8
- Physical Description: 173 stran ; 18 cm
- Edition: Vydání první
- Publisher: Praha : Portál, 2021
Search for related items by subject
| Genre: | fejetony texty výbory feuilletons texts selected works |
Available copies
- 1 of 1 copy available at Common Catalog SPOK.
Holds
- 0 current holds with 1 total copy.
Show Only Available Copies
| Location | Call Number / Copy Notes | Barcode | Shelving Location | Status | Due Date |
|---|---|---|---|---|---|
| Jabok Library | PT-8.2/H | 424480044287 | Odborná literatura | Available | - |
| LDR | 02636nam a2200769 i 4500 | ||
|---|---|---|---|
| 001 | 49439 | ||
| 003 | CZ-PrJAB | ||
| 005 | 20211213085035.0 | ||
| 007 | ta | ||
| 008 | 210113s2021 xr e 000 1dcze | ||
| 015 | . | ‡acnb003302281 | |
| 020 | . | ‡a978-80-262-1755-8 ‡q(vázáno) | |
| 035 | . | ‡a(CZ PrNK)nkc20213302281 | |
| 040 | . | ‡aABA001 ‡bcze ‡dBOA001 ‡erda | |
| 043 | . | ‡ae-xr--- | |
| 045 | . | ‡ax-y- | |
| 072 | 7. | ‡a27 ‡xKřesťanství. Křesťanská církev všeobecně. Eklesiologie ‡2Konspekt ‡95 | |
| 080 | . | ‡a27-184.3 ‡2MRF | |
| 080 | . | ‡a27-423.79 ‡2MRF | |
| 080 | . | ‡a27-184 ‡2MRF | |
| 080 | . | ‡a27-4 ‡2MRF | |
| 080 | . | ‡a27-662:3 ‡2MRF | |
| 080 | . | ‡a2-474-256-277 ‡2MRF | |
| 080 | . | ‡a2-231 ‡2MRF | |
| 080 | . | ‡a272-722.53 ‡2MRF | |
| 080 | . | ‡a27-789.64 ‡2MRF | |
| 080 | . | ‡a316.64 ‡2MRF | |
| 080 | . | ‡a(437.3) ‡2MRF | |
| 080 | . | ‡a(0:82-4) ‡2MRF | |
| 080 | . | ‡a(0:82-9) ‡2MRF | |
| 080 | . | ‡a(082.21) ‡2MRF | |
| 100 | 1 | . | ‡aHeryán, Ladislav, ‡d1960- ‡7jx20041203008 ‡4aut |
| 245 | 1 | 0. | ‡aExotova abeceda / ‡cLadislav Heryán |
| 250 | . | ‡aVydání první | |
| 264 | 1. | ‡aPraha : ‡bPortál, ‡c2021 | |
| 300 | . | ‡a173 stran ; ‡c18 cm | |
| 336 | . | ‡atext ‡btxt ‡2rdacontent | |
| 337 | . | ‡abez média ‡bn ‡2rdamedia | |
| 338 | . | ‡asvazek ‡bnc ‡2rdacarrier | |
| 600 | 1 | 7. | ‡aHeryán, Ladislav, ‡d1960- ‡7jx20041203008 ‡2czenas |
| 648 | 7. | ‡a20.-21. století ‡7ch462155 ‡2czenas | |
| 650 | 0 | 7. | ‡akřesťanská víra ‡7ph122113 ‡2czenas |
| 650 | 0 | 7. | ‡aBůh a člověk ‡7ph116953 ‡2czenas |
| 650 | 0 | 7. | ‡akřesťanský život ‡7ph122132 ‡2czenas |
| 650 | 0 | 7. | ‡akřesťanství a společnost ‡7ph138510 ‡2czenas |
| 650 | 0 | 7. | ‡abiblická interpretace ‡7ph118847 ‡2czenas |
| 650 | 0 | 7. | ‡abiblické citáty ‡7ph118853 ‡2czenas |
| 650 | 0 | 7. | ‡akatoličtí kněží ‡7ph114899 ‡zČesko ‡y20.-21. století ‡2czenas |
| 650 | 0 | 7. | ‡asalesiáni ‡7ph138567 ‡zČesko ‡y20.-21. století ‡2czenas |
| 650 | 0 | 7. | ‡anázory a postoje ‡7ph137634 ‡2czenas |
| 650 | 0 | 9. | ‡aChristian faith ‡2eczenas |
| 650 | 0 | 9. | ‡arelations between God and man ‡2eczenas |
| 650 | 0 | 9. | ‡aChristian life ‡2eczenas |
| 650 | 0 | 9. | ‡aChristianity and civilization ‡2eczenas |
| 650 | 0 | 9. | ‡aBiblical interpretation ‡2eczenas |
| 650 | 0 | 9. | ‡aBiblical quotations ‡2eczenas |
| 650 | 0 | 9. | ‡aCatholic priests ‡zCzechia ‡y20th-21st centuries ‡2eczenas |
| 650 | 0 | 9. | ‡aSalesians ‡zCzechia ‡y20th-21st centuries ‡2eczenas |
| 650 | 0 | 9. | ‡aviews and attitudes ‡2eczenas |
| 655 | 7. | ‡afejetony ‡7fd132252 ‡2czenas | |
| 655 | 7. | ‡atexty ‡7fd133699 ‡2czenas | |
| 655 | 7. | ‡avýbory ‡7fd133853 ‡2czenas | |
| 655 | 9. | ‡afeuilletons ‡2eczenas | |
| 655 | 9. | ‡atexts ‡2eczenas | |
| 655 | 9. | ‡aselected works ‡2eczenas | |
| 910 | . | ‡aABG312 | |
| 995 | . | ‡aska | |
| 901 | . | ‡a49439 ‡bAUTOGEN ‡c49439 ‡tbiblio | |